Biblioteca

Patterns in history / David Bebbington (Registro nro. 40601)

Detalles MARC
000 -LÍDER
Campo fijo de descripción fija 004580000a22001570004500
020 ## - NÚMERO INTERNACIONAL NORMALIZADO PARA LIBROS
Número Internacional Normalizado del libro 0-85110-595-5
041 0# - CÓDIGO DE IDIOMA
Código de idioma para texto/pista de sonido o título separado
082 04 - NÚMERO DE CLASIFICACIÓN DECIMAL DEWEY
Número de clasificación G 901 B387q
001 - NÚMERO DE CONTROL
Campo de control 11243
100 1# - ASIENTO PRINCIPAL--NOMBRE PERSONAL
Nombre personal Bebbington, David William (1949-)
245 10 - TÍTULO
Título del Material Patterns in history / David Bebbington
260 ## - PUBLICACIÓN, DISTRIBUCIÓN, ETC. (PIE DE IMPRENTA)
Lugar de publicación, distribución, etc. Leicester, Inglaterra : InterVarsity
300 ## - DESCRIPCIÓN FÍSICA
Extensión 211 Pag
650 14 - ASIENTO SECUNDARIO DE MATERIA - TERMINO TEMÁTICO
Término temático o nombre geográfico como elemento de entrada HISTORIA - ASPECTOS RELIGIOSOS - CRISTIANISMO \ FILOSOFIA DE LA HISTORIA \ HISTORIOGRAFIA
942 ## - TIPO DE MATERIAL (KOHA)
Tipo de Item KOHA Libros General
Existencias
Estado de Material Estado de Perdido Estado de Dañado No para Préstamo Colección Tomo Biblioteca de Origen Biblioteca Permanente Fecha de Adquisición Total de Préstamos Signatura Topográfica Código de Barras Última vez visto Ejemplar/Existencia Fecha de Remplazo Tipo de Material
        Colección General   Biblioteca FUSBC Biblioteca FUSBC 26/01/2005   G 901 B387q 14331 12/12/2019 1 26/01/2016 Libros General

Biblioteca FUSBC | Teléfono: (57+4) 349 88 10 Ext. 141| WhatsApp (+57) 3005338115 
E-mail: biblioteca@unisbc.edu.co | Calle 76 87-14 Robledo Palenque, Medellín, Colombia

Con tecnología Koha